[Event "Bucharest Romgaz blitz op"]
[Site "Bucharest"]
[Date "2018.11.21"]
[Round "11"]
[White "Marin, Mihail"]
[Black "Raceanu, Valentin"]
[Result "0-1"]
[WhiteElo "2555"]
[BlackElo "2427"]
[PlyCount "90"]
[EventDate "2018.11.21"]
[EventType "swiss (blitz)"]
[EventRounds "11"]
[EventCountry "ROU"]
[SourceTitle "CBM 187 Extra"]
[Source "ChessBase"]
[SourceDate "2018.11.04"]
[SourceVersion "1"]
[SourceVersionDate "2018.11.04"]
[SourceQuality "1"]

1. c4 g6 2. g3 Bg7 3. Bg2 Nf6 4. Nc3 d6 5. d4 0-0 6. Nf3 Nc6 7. d5 Ne5 8. Nxe5 dxe5 9. 0-0 Bf5 10. e4 Bc8 11. b4 a5 12. Ba3 axb4 13. Bxb4 Re8 14. a4 e6 15. a5 exd5 16. cxd5 c6 17. dxc6 bxc6 18. Qxd8 Rxd8 19. Na4 Ba6 20. Rfd1 Bf8 21. Bxf8 Kxf8 22. Nc5 Rxd1+ 23. Rxd1 Bb5 24. Ra1 Ke7 25. f4 exf4 26. gxf4 Nh5 27. e5 Nxf4 28. a6 Nd3 29. Nxd3 Bxd3 30. Bxc6 Rxa6 31. Rxa6 Bxa6 32. Bd5 Bc8 33. Kf2 Be6 34. Bg2 Bb3 35. Ke3 g5 36. Ke4 Bc2+ 37. Kd5 h5 38. Bf3 Bg6 39. Be2 g4 40. Bd1 Bf5 41. Be2 h4 42. Kd4 Bd7 43. Ke3 g3 44. hxg3 hxg3 45. Kf3 Bg4+ 0-1

[Event "ROM-chT"]
[Site "Mamaia"]
[Date "2012.09.30"]
[Round "9.4"]
[White "Raceanu, Valentin"]
[Black "Dragomirescu, Calin"]
[Result "1-0"]
[WhiteElo "2421"]
[BlackElo "2204"]
[PlyCount "103"]
[EventDate "2012.09.22"]
[EventType "team-tourn"]
[EventRounds "9"]
[EventCountry "ROU"]
[SourceTitle "CBM 150 Extra"]
[Source "ChessBase"]
[SourceDate "2012.10.19"]
[SourceVersion "1"]
[SourceVersionDate "2012.10.19"]
[SourceQuality "1"]
[WhiteTeam "Techirghiol Victoria"]
[BlackTeam "Cugir CSO"]
[WhiteTeamCountry "ROU"]
[BlackTeamCountry "ROU"]

1. d4 d5 2. c4 e6 3. Nc3 c6 4. e3 Bd6 5. Qc2 f5 6. Bd3 Nf6 7. f3 Na6 8. a3 dxc4 9. Bxc4 b5 10. Bd3 0-0 11. Bd2 Qc7 12. Nge2 Rb8 13. b4 Qe7 14. 0-0 Bb7 15. e4 fxe4 16. Nxe4 Nxe4 17. Bxe4 Kh8 18. Rad1 Rbc8 19. g3 g6 20. Bf4 Nc7 21. Bxd6 Qxd6 22. Nf4 Nd5 23. Bxd5 cxd5 24. Qe2 Rfe8 25. Nd3 Rc4 26. Ne5 Kg7 27. Nxc4 dxc4 28. Qe5+ Qxe5 29. dxe5 Bd5 30. Kf2 g5 31. Ke3 Kg6 32. g4 Rf8 33. f4 gxf4+ 34. Rxf4 Rc8 35. h4 c3 36. Rc1 c2 37. Kd2 Bb3 38. Rf3 Ba4 39. Rf6+ Kg7 40. Rxe6 Rc4 41. Re7+ Kf8 42. Rxh7 Rxg4 43. h5 Rg2+ 44. Kc3 Rg3+ 45. Kb2 Re3 46. Rxa7 Rxe5 47. h6 Kg8 48. h7+ Kh8 49. Rg1 Re8 50. Rg8+ Rxg8 51. hxg8Q+ Kxg8 52. Rxa4 1-0

[Event "ROM-chT"]
[Site "Brasov"]
[Date "2011.10.10"]
[Round "3.3"]
[White "Lupulescu, Constantin"]
[Black "Raceanu, Valentin"]
[Result "1-0"]
[WhiteElo "2655"]
[BlackElo "2417"]
[PlyCount "81"]
[EventDate "2011.10.08"]
[EventType "team-tourn"]
[EventRounds "9"]
[EventCountry "ROU"]
[SourceTitle "CBM 144 Extra"]
[Source "ChessBase"]
[SourceDate "2011.10.28"]
[SourceVersion "1"]
[SourceVersionDate "2011.10.28"]
[SourceQuality "1"]
[WhiteTeam "Timisoara Luxten"]
[BlackTeam "Techirghiol Victoria"]
[WhiteTeamCountry "ROU"]
[BlackTeamCountry "ROU"]

1. e4 c5 2. Nf3 Nc6 3. d4 cxd4 4. Nxd4 Nf6 5. Nc3 d6 6. Bg5 Bd7 7. Qd2 Rc8 8. f3 a6 9. 0-0-0 e6 10. Kb1 Be7 11. Be3 0-0 12. g4 Nxd4 13. Bxd4 b5 14. h4 b4 15. Ne2 Qa5 16. g5 Nh5 17. Bh3 Bb5 18. Nc1 Rc4 19. Bg4 e5 20. Nb3 Qc7 21. Bxh5 exd4 22. Nxd4 Bd7 23. f4 Rc8 24. Rhe1 Qb6 25. Be2 R4c7 26. f5 a5 27. Qf4 a4 28. f6 Bf8 29. h5 Qc5 30. Rf1 Qe5 31. fxg7 Qxg7 32. h6 Qg6 33. Bd3 Rc5 34. e5 dxe5 35. Qf3 f5 36. gxf6 Bg4 37. Qg2 Bf5 38. Qf2 Bxd3 39. Rxd3 Kf7 40. Rg3 Rxc2 41. Nxc2 1-0

[Event "ROM-chT"]
[Site "Eforie Nord"]
[Date "2008.09.09"]
[Round "9"]
[White "Raceanu, Valentin"]
[Black "Szabo, Gergely Andras"]
[Result "1/2-1/2"]
[WhiteElo "2426"]
[BlackElo "2514"]
[PlyCount "39"]
[EventDate "2008.09.01"]
[EventType "team"]
[EventRounds "9"]
[EventCountry "ROU"]
[SourceTitle "CBM 126 Extra"]
[Source "ChessBase"]
[SourceDate "2008.11.05"]
[SourceVersion "1"]
[SourceVersionDate "2008.11.05"]
[SourceQuality "1"]

1. d4 e6 2. Nf3 c5 3. g3 Nc6 4. Bg2 Qa5+ 5. Bd2 Qb6 6. dxc5 Bxc5 7. 0-0 Nf6 8. Nc3 Be7 9. e4 d6 10. Qe2 0-0 11. Na4 Qc7 12. c4 b6 13. Rac1 Bb7 14. Nc3 Ne5 15. Nb5 Qb8 16. Nfd4 a6 17. Nc3 Rc8 18. b3 Nc6 19. Nxc6 Bxc6 20. a4 1/2-1/2

[Event "ROM-chT"]
[Site "Eforie Nord"]
[Date "2008.09.05"]
[Round "5"]
[White "Cosma, Ioan"]
[Black "Raceanu, Valentin"]
[Result "1/2-1/2"]
[WhiteElo "2457"]
[BlackElo "2426"]
[PlyCount "86"]
[EventDate "2008.09.01"]
[EventType "team"]
[EventRounds "9"]
[EventCountry "ROU"]
[SourceTitle "CBM 126 Extra"]
[Source "ChessBase"]
[SourceDate "2008.11.05"]
[SourceVersion "1"]
[SourceVersionDate "2008.11.05"]
[SourceQuality "1"]

1. d4 d5 2. c4 dxc4 3. Nf3 Nf6 4. Nc3 c6 5. a4 e6 6. e3 c5 7. Bxc4 cxd4 8. exd4 Be7 9. 0-0 0-0 10. Qe2 Nc6 11. Rd1 Nb4 12. Bf4 b6 13. Ne5 Bb7 14. Rac1 Rc8 15. Bb3 Nfd5 16. Bd2 Nf6 17. Bg5 Nfd5 18. Nxd5 Nxd5 19. Rxc8 Qxc8 20. Bxd5 Bxg5 21. Be4 Bxe4 22. Qxe4 Qa8 23. Qxa8 Rxa8 24. g3 Rc8 25. Rd3 Bc1 26. b3 Kf8 27. Nc4 Bh6 28. f4 g6 29. Kf2 Bg7 30. Ke3 Ke7 31. d5 Rd8 32. d6+ Kd7 33. Ne5+ Bxe5 34. fxe5 f6 35. Rc3 fxe5 36. Rc7+ Kxd6 37. Rxa7 Rc8 38. Kd3 e4+ 39. Kxe4 Rc3 40. a5 bxa5 41. Ra6+ Ke7 42. Rxa5 Rxb3 43. Ra7+ Kf6 1/2-1/2

[Event "ROM-chT"]
[Site "Eforie Nord"]
[Date "2008.09.04"]
[Round "4"]
[White "Raceanu, Valentin"]
[Black "Ardelean, George Catalin"]
[Result "1-0"]
[WhiteElo "2426"]
[BlackElo "2498"]
[PlyCount "85"]
[EventDate "2008.09.01"]
[EventType "team"]
[EventRounds "9"]
[EventCountry "ROU"]
[SourceTitle "CBM 126 Extra"]
[Source "ChessBase"]
[SourceDate "2008.11.05"]
[SourceVersion "1"]
[SourceVersionDate "2008.11.05"]
[SourceQuality "1"]

1. d4 d5 2. c4 c6 3. Nc3 Nf6 4. e3 a6 5. Qc2 g6 6. Nf3 Bg7 7. Bd3 b5 8. cxd5 cxd5 9. Bd2 0-0 10. 0-0 Bb7 11. b4 Nc6 12. Rab1 Qd6 13. a4 Rfc8 14. Qb3 bxa4 15. Nxa4 Rc7 16. Nc5 Bc8 17. Rfc1 Rca7 18. Qc2 Ng4 19. h3 Nh6 20. Na4 Nd8 21. Qc5 Bf5 22. Qxd6 exd6 23. Bxf5 Nxf5 24. Nb6 Rb8 25. Nxd5 Kf8 26. Ra1 Rbb7 27. Rc8 Ke8 28. Kf1 Ne7 29. Nxe7 Kxe7 30. Ke2 Kd7 31. Rac1 Ne6 32. R8c6 Nc5 33. Rxd6+ Kxd6 34. bxc5+ Kd5 35. c6 Rc7 36. Bb4 Bf6 37. Kd3 Ke6 38. e4 Bd8 39. d5+ Kf6 40. e5+ Kf5 41. g4+ Kf4 42. Ke2 Ke4 43. Rd1 1-0

[Event "Ciocaltea Memorial"]
[Site "Bucharest"]
[Date "2008.03.21"]
[Round "7"]
[White "Sanduleac, Vasile"]
[Black "Raceanu, Valentin"]
[Result "1/2-1/2"]
[WhiteElo "2452"]
[BlackElo "2407"]
[PlyCount "177"]
[EventDate "2008.03.14"]
[EventType "tourn"]
[EventRounds "11"]
[EventCountry "ROU"]
[EventCategory "9"]
[SourceTitle "CBM 123 Extra"]
[Source "ChessBase"]
[SourceDate "2008.05.06"]
[SourceVersion "1"]
[SourceVersionDate "2008.05.06"]
[SourceQuality "1"]

1. e4 c5 2. Nf3 e6 3. d3 Nc6 4. g3 g6 5. Bg2 Bg7 6. 0-0 Nge7 7. c3 d5 8. Nbd2 b6 9. Re1 Qc7 10. exd5 Nxd5 11. d4 0-0 12. dxc5 bxc5 13. Qa4 Bb7 14. Nb3 Nce7 15. Na5 Ba6 16. c4 Nb6 17. Qc2 Nd7 18. Nb3 Nc6 19. Be3 Rab8 20. Bxc5 Nxc5 21. Nxc5 Nb4 22. Nxa6 Nxc2 23. Nxc7 Rfc8 24. Nb5 Nxa1 25. Rxa1 Rxc4 26. Rd1 a6 27. Bf1 axb5 28. Bxc4 bxc4 29. Rc1 Rxb2 30. Rxc4 Rxa2 31. Rc8+ Bf8 32. Rc7 Bd6 33. Rc6 Be7 34. Kg2 Kg7 35. h4 Rb2 36. Rc7 Bd8 37. Rd7 Bb6 38. Rd2 Rb5 39. Rd7 h6 40. Rb7 Rb2 41. Nd2 Rxd2 42. Rxb6 Kf6 43. Kf3 Ra2 44. Rb3 Ra4 45. Rc3 Kf5 46. Rb3 f6 47. Rc3 g5 48. hxg5 hxg5 49. Rb3 e5 50. Rb6 e4+ 51. Ke2 Ra2+ 52. Ke3 Ra3+ 53. Ke2 Rf3 54. Rb4 Rc3 55. Rb6 Rd3 56. Ra6 Ke5 57. Ra5+ Rd5 58. Ra6 Rb5 59. Ke3 Rb3+ 60. Ke2 Rb5 61. Rc6 f5 62. Rc8 Rb2+ 63. Ke1 f4 64. gxf4+ gxf4 65. Rf8 Ra2 66. Rf7 Ra4 67. Rf8 f3 68. Re8+ Kd4 69. Rd8+ Kc3 70. Rc8+ Rc4 71. Ra8 Rb4 72. Rc8+ Kd3 73. Rd8+ Kc3 74. Rc8+ Kd4 75. Rd8+ Ke5 76. Re8+ Kf6 77. Rf8+ Ke7 78. Ra8 Rb2 79. Ra6 Kf7 80. Rc6 Re2+ 81. Kf1 Ra2 82. Ke1 Ra1+ 83. Kd2 Ra2+ 84. Ke3 Re2+ 85. Kf4 Rxf2 86. Kxe4 Rf1 87. Rc3 Kf6 88. Rxf3+ Rxf3 89. Kxf3 1/2-1/2

[Event "Ciocaltea Memorial"]
[Site "Bucharest"]
[Date "2008.03.18"]
[Round "5"]
[White "Raceanu, Valentin"]
[Black "Jianu, Vlad Cristian"]
[Result "0-1"]
[WhiteElo "2407"]
[BlackElo "2530"]
[PlyCount "58"]
[EventDate "2008.03.14"]
[EventType "tourn"]
[EventRounds "11"]
[EventCountry "ROU"]
[EventCategory "9"]
[SourceTitle "CBM 123 Extra"]
[Source "ChessBase"]
[SourceDate "2008.05.06"]
[SourceVersion "1"]
[SourceVersionDate "2008.05.06"]
[SourceQuality "1"]

1. d4 Nf6 2. Nf3 c5 3. d5 b5 4. Bg5 Qb6 5. e3 Bb7 6. a4 Nxd5 7. axb5 h6 8. Bh4 g5 9. Bg3 Bg7 10. c3 Nf6 11. Nbd2 d5 12. h4 g4 13. Ne5 h5 14. Be2 Nfd7 15. Nxd7 Nxd7 16. 0-0 f5 17. Nb3 0-0 18. Na5 e5 19. Nc6 Bxc6 20. Ra6 Qd8 21. Rxc6 Nb6 22. Qd2 Qe7 23. f3 Rad8 24. fxg4 hxg4 25. Qc2 f4 26. exf4 exf4 27. Bf2 g3 28. Bxc5 Qxh4 29. Rf3 d4 0-1

[Event "ROM-ch"]
[Site "Cluj"]
[Date "2008.02.29"]
[Round "7"]
[White "Raceanu, Valentin"]
[Black "Badea, Bela"]
[Result "1-0"]
[WhiteElo "2407"]
[BlackElo "2491"]
[PlyCount "73"]
[EventDate "2008.02.25"]
[EventType "swiss"]
[EventRounds "9"]
[EventCountry "ROU"]
[SourceTitle "CBM 123 Extra"]
[Source "ChessBase"]
[SourceDate "2008.05.06"]
[SourceVersion "1"]
[SourceVersionDate "2008.05.06"]
[SourceQuality "1"]

1. d4 d6 2. c4 g6 3. Nc3 Bg7 4. e4 e5 5. Nge2 Nc6 6. Be3 Nh6 7. f3 f5 8. d5 Ne7 9. Qd2 Nf7 10. 0-0-0 0-0 11. Kb1 c5 12. dxc6 bxc6 13. c5 d5 14. exd5 cxd5 15. Nxd5 f4 16. Bf2 Bf5+ 17. Ka1 Nxd5 18. Qxd5 Qe7 19. Nc3 Rfd8 20. Qb3 Rxd1+ 21. Qxd1 e4 22. fxe4 Bxc3 23. bxc3 Qxe4 24. Bd4 Rb8 25. Bc4 Qxg2 26. Bb3 Re8 27. Rg1 Qe4 28. Qd2 Kf8 29. Bd5 Qxd5 30. Bg7+ Kxg7 31. Qxd5 Ne5 32. Re1 Kf6 33. c6 f3 34. Qd4 g5 35. c7 g4 36. Qd6+ Re6 37. Qd8+ 1-0

[Event "ROM-ch"]
[Site "Cluj"]
[Date "2008.02.28"]
[Round "5"]
[White "Varlan, Hervig Ioan"]
[Black "Raceanu, Valentin"]
[Result "0-1"]
[WhiteElo "2215"]
[BlackElo "2407"]
[PlyCount "82"]
[EventDate "2008.02.25"]
[EventType "swiss"]
[EventRounds "9"]
[EventCountry "ROU"]
[SourceTitle "CBM 123 Extra"]
[Source "ChessBase"]
[SourceDate "2008.05.06"]
[SourceVersion "1"]
[SourceVersionDate "2008.05.06"]
[SourceQuality "1"]

1. d4 d5 2. c4 e6 3. Nc3 c6 4. cxd5 exd5 5. Nf3 Bd6 6. g3 Nf6 7. Bg2 0-0 8. 0-0 Bg4 9. Ne5 Bf5 10. Bf4 Nh5 11. Be3 Nd7 12. Nd3 Qe7 13. Qd2 Rae8 14. Bf3 Nhf6 15. Bf4 Ne4 16. Qc1 Qf6 17. Bxd6 Nxd6 18. Qf4 g5 19. Qd2 Nc4 20. Qc1 Bxd3 21. exd3 Nd6 22. Kg2 Nf5 23. Ne2 Re7 24. Qd2 Rfe8 25. Bg4 Nf8 26. Rae1 Nxd4 27. Ng1 Ng6 28. Rxe7 Rxe7 29. h3 h6 30. Re1 b6 31. Rxe7 Qxe7 32. h4 Ne5 33. Qe3 c5 34. hxg5 Qxg5 35. f4 Qxg4 36. Qxe5 Nf5 37. Ne2 Nh4+ 38. Kf2 Qf3+ 39. Ke1 Qh1+ 40. Kf2 Qg2+ 41. Ke3 d4+ 0-1

[Event "ROM-chT"]
[Site "Predeal"]
[Date "2007.11.13"]
[Round "1"]
[White "Raceanu, Valentin"]
[Black "Ardelean, George Catalin"]
[Result "1-0"]
[WhiteElo "2385"]
[BlackElo "2494"]
[PlyCount "117"]
[EventDate "2007.10.13"]
[EventType "team"]
[EventRounds "9"]
[EventCountry "ROU"]
[SourceTitle "EXT 2008"]
[Source "ChessBase"]
[SourceDate "2007.11.25"]
[SourceVersion "1"]
[SourceVersionDate "2007.11.25"]
[SourceQuality "1"]

1. d4 Nf6 2. c4 c5 3. d5 d6 4. Nc3 g6 5. e4 Bg7 6. f3 0-0 7. Nge2 e6 8. Ng3 exd5 9. cxd5 a6 10. a4 Nbd7 11. Be2 Re8 12. 0-0 h5 13. Bg5 Qe7 14. Qd2 Qf8 15. Be3 Nh7 16. f4 h4 17. Nh1 f5 18. Nf2 Nhf6 19. exf5 Qe7 20. Nfd1 gxf5 21. Bf2 h3 22. Ne3 hxg2 23. Rfe1 Nf8 24. Nc4 Ne4 25. Nxe4 fxe4 26. Ra3 Bf5 27. Rg3 Nh7 28. Ne3 Bd7 29. Bg4 Rf8 30. Bxd7 Qxd7 31. f5 b5 32. axb5 axb5 33. Kxg2 Kh8 34. Qe2 Ra2 35. Rb1 Be5 36. Rg6 Rxf5 37. Qg4 Rxf2+ 38. Kxf2 Qxg4 39. Nxg4 Bd4+ 40. Kg3 Bxb2 41. Rxd6 Ra3+ 42. Kh4 Rb3 43. Kh5 Nf8 44. Rc6 c4 45. Rc8 Kg7 46. Rc7+ Kh8 47. Rxb2 Rxb2 48. Rf7 c3 49. Rxf8+ Kg7 50. Rc8 b4 51. Rc7+ Kf8 52. Kg6 Ke8 53. Kf5 Kd8 54. d6 Ra2 55. Ke6 Ra6 56. Ne5 Rxd6+ 57. Kxd6 e3 58. Rh7 Kc8 59. Nc6 1-0

[Event "Novi Sad Vujovic Memorial"]
[Site "Novi Sad"]
[Date "2007.09.27"]
[Round "5"]
[White "Barnaure, Vlad Victor"]
[Black "Raceanu, Valentin"]
[Result "1/2-1/2"]
[WhiteElo "2467"]
[BlackElo "2385"]
[PlyCount "75"]
[EventDate "2007.09.26"]
[EventType "swiss"]
[EventRounds "9"]
[EventCountry "YUG"]
[SourceTitle "EXT 2008"]
[Source "ChessBase"]
[SourceDate "2007.11.25"]
[SourceVersion "1"]
[SourceVersionDate "2007.11.25"]
[SourceQuality "1"]

1. g3 d5 2. Bg2 Nf6 3. f4 g6 4. Nf3 Bg7 5. 0-0 0-0 6. d3 b6 7. c3 Nbd7 8. Qe1 Bb7 9. h3 c5 10. g4 Qc7 11. Qg3 Rac8 12. Na3 c4 13. Nb5 Qb8 14. Nbd4 Ba6 15. Rd1 cxd3 16. exd3 Qc7 17. Qf2 Nc5 18. Qe3 Nfd7 19. Nc2 Rfe8 20. Nb4 Bb7 21. d4 Ne4 22. Ne5 f6 23. Nxd7 Qxd7 24. Nd3 e6 25. Qf3 Ba6 26. Nb4 Bb5 27. Bd2 a5 28. Nc2 Ba4 29. b3 Bb5 30. Be1 f5 31. Rac1 Rc7 32. Qe3 Rec8 33. Bxe4 fxe4 34. Bd2 Bf8 35. Ne1 Ba6 36. a4 b5 37. Ra1 b4 38. Ng2 1/2-1/2

[Event "Novi Sad Vujovic Memorial"]
[Site "Novi Sad"]
[Date "2007.09.26"]
[Round "4"]
[White "Raceanu, Valentin"]
[Black "Ljubicic, Filip"]
[Result "1-0"]
[WhiteElo "2385"]
[BlackElo "2475"]
[PlyCount "77"]
[EventDate "2007.09.26"]
[EventType "swiss"]
[EventRounds "9"]
[EventCountry "YUG"]
[SourceTitle "EXT 2008"]
[Source "ChessBase"]
[SourceDate "2007.11.25"]
[SourceVersion "1"]
[SourceVersionDate "2007.11.25"]
[SourceQuality "1"]

1. d4 Nf6 2. c4 g6 3. Nc3 Bg7 4. e4 d6 5. f3 0-0 6. Nge2 Nc6 7. Be3 a6 8. Qd2 Rb8 9. Rc1 Re8 10. Nd1 e5 11. d5 Ne7 12. Nf2 c5 13. b4 Nd7 14. Nd3 b6 15. a3 f5 16. Nc3 Nf6 17. Be2 Bd7 18. 0-0 f4 19. Bf2 g5 20. g4 fxg3 21. hxg3 h6 22. Kg2 Ng6 23. Rb1 Qe7 24. Rb3 g4 25. Rfb1 Qf8 26. Be3 h5 27. fxg4 Bxg4 28. Rf1 Bxe2 29. Qxe2 b5 30. bxc5 bxc4 31. Rxb8 Rxb8 32. Nf2 dxc5 33. Qxc4 h4 34. Qxc5 hxg3 35. Qxf8+ Bxf8 36. Kxg3 Bxa3 37. Bg5 Nh7 38. Kg4 Rd8 39. Be3 1-0

[Event "Novi Sad Vujovic Memorial"]
[Site "Novi Sad"]
[Date "2007.09.24"]
[Round "2"]
[White "Gauri, Shankar"]
[Black "Raceanu, Valentin"]
[Result "1-0"]
[WhiteElo "2177"]
[BlackElo "2385"]
[PlyCount "81"]
[EventDate "2007.09.26"]
[EventType "swiss"]
[EventRounds "9"]
[EventCountry "YUG"]
[SourceTitle "EXT 2008"]
[Source "ChessBase"]
[SourceDate "2007.11.25"]
[SourceVersion "1"]
[SourceVersionDate "2007.11.25"]
[SourceQuality "1"]

1. d4 d5 2. c4 e6 3. Nc3 c6 4. cxd5 exd5 5. Bf4 Bf5 6. e3 Nd7 7. Bd3 Bg6 8. Nf3 Ngf6 9. Ne5 Be7 10. Nxg6 hxg6 11. 0-0 0-0 12. Bg3 Re8 13. a3 Bf8 14. b4 b5 15. Na2 Nb6 16. Qc2 Nc4 17. a4 a6 18. Bh4 Qd7 19. Bxc4 bxc4 20. Bxf6 gxf6 21. Rfb1 Rab8 22. Rb2 f5 23. Rab1 f4 24. exf4 Bg7 25. Rd1 Re4 26. Qc3 Rbe8 27. g3 Qh3 28. Rbb1 Re2 29. Ra1 R8e3 30. Qxe3 Rxe3 31. fxe3 Qh5 32. Rd2 Qf3 33. Re1 Bf8 34. Rf2 Qe4 35. Rfe2 Qf5 36. Kf2 Kg7 37. Rd1 Kh8 38. Rb2 Qh5 39. Rh1 g5 40. Nc3 gxf4 41. exf4 1-0

[Event "ROM-ch"]
[Site "Amara"]
[Date "2007.02.21"]
[Round "7"]
[White "Raceanu, Valentin"]
[Black "Dobre, Claudiu Cristian"]
[Result "1-0"]
[WhiteElo "2387"]
[BlackElo "2251"]
[PlyCount "107"]
[EventDate "2007.02.16"]
[EventType "swiss"]
[EventRounds "9"]
[EventCountry "ROU"]
[SourceTitle "CBM 117 Extra"]
[Source "ChessBase"]
[SourceDate "2007.05.09"]
[SourceVersion "1"]
[SourceVersionDate "2007.05.09"]
[SourceQuality "1"]

1. d4 d5 2. c4 c6 3. Nc3 Nf6 4. e3 e6 5. Nf3 Nbd7 6. Qc2 Bd6 7. Bd3 0-0 8. 0-0 dxc4 9. Bxc4 e5 10. Rd1 Qe7 11. e4 b5 12. Bf1 Bb7 13. h3 a6 14. dxe5 Nxe5 15. Nd4 Bb8 16. Be3 Ned7 17. Nf5 Qe6 18. b4 a5 19. a3 axb4 20. axb4 Rxa1 21. Rxa1 c5 22. bxc5 b4 23. Rb1 Nxe4 24. Rxb4 Ndxc5 25. Rxb7 Qxf5 26. Re7 Nd6 27. Qxf5 Nxf5 28. Bxc5 Nxe7 29. Bxe7 Rc8 30. Nd5 Rc1 31. Bg5 Rd1 32. Nc3 Ra1 33. g4 Ba7 34. Kg2 Bd4 35. Ne4 Ra2 36. Bh4 Be5 37. Be7 Bd4 38. Bc4 Rc2 39. Bd3 Rb2 40. Bd6 h6 41. Bg3 Rb4 42. h4 g6 43. h5 f5 44. gxf5 gxf5 45. Nd6 f4 46. Bxf4 Bxf2 47. Bc4+ Rxc4 48. Nxc4 Bd4 49. Bxh6 Bf6 50. Kf3 Kh7 51. Bf4 Be7 52. Kg4 Bf6 53. Kf5 Be7 54. Ne5 1-0

[Event "ROM-ch"]
[Site "Amara"]
[Date "2007.02.20"]
[Round "6"]
[White "Mateuta, Gabriel"]
[Black "Raceanu, Valentin"]
[Result "1/2-1/2"]
[WhiteElo "2462"]
[BlackElo "2387"]
[PlyCount "79"]
[EventDate "2007.02.16"]
[EventType "swiss"]
[EventRounds "9"]
[EventCountry "ROU"]
[SourceTitle "CBM 117 Extra"]
[Source "ChessBase"]
[SourceDate "2007.05.09"]
[SourceVersion "1"]
[SourceVersionDate "2007.05.09"]
[SourceQuality "1"]

1. c4 e6 2. Nf3 d5 3. b3 Nf6 4. g3 c5 5. Bg2 Nc6 6. 0-0 d4 7. e3 Be7 8. exd4 cxd4 9. Re1 0-0 10. d3 Nd7 11. Na3 e5 12. Nc2 a5 13. Rb1 Qc7 14. a3 Rb8 15. b4 axb4 16. axb4 b5 17. cxb5 Rxb5 18. Bd2 Ba6 19. Ra1 Bb7 20. Na3 Rxb4 21. Bxb4 Bxb4 22. Re2 Nc5 23. Nc4 Bc3 24. Rb1 e4 25. Ng5 exd3 26. Ra2 h6 27. Ne4 Nxe4 28. Bxe4 Nb4 29. Ra7 Qxc4 30. Rxb7 d2 31. Qf3 Qe6 32. Bf5 Qe5 33. Kg2 g6 34. Be4 h5 35. h4 Qe6 36. R7xb4 Bxb4 37. Rxb4 d1Q 38. Qxd1 Qxe4+ 39. f3 Qc6 40. Qxd4 1/2-1/2

[Event "ROM-chT div-A"]
[Site "Predeal"]
[Date "2006.11.12"]
[Round "9"]
[White "Raceanu, Valentin"]
[Black "Manole, Vasile"]
[Result "1-0"]
[WhiteElo "2398"]
[BlackElo "2387"]
[PlyCount "61"]
[EventDate "2006.11.04"]
[EventType "team"]
[EventRounds "9"]
[EventCountry "ROU"]
[SourceTitle "EXT 2007"]
[Source "ChessBase"]
[SourceDate "2006.11.23"]
[SourceVersion "1"]
[SourceVersionDate "2006.11.23"]
[SourceQuality "1"]

1. d4 Nf6 2. c4 e6 3. Nc3 Bb4 4. e3 0-0 5. Bd3 d5 6. Nf3 c5 7. 0-0 Nc6 8. a3 Bxc3 9. bxc3 Qc7 10. cxd5 exd5 11. a4 Re8 12. Ba3 c4 13. Bc2 Bg4 14. Qe1 Ne7 15. Bxe7 Rxe7 16. Ne5 Rae8 17. f4 Bc8 18. Qb1 Qa5 19. Ra3 h6 20. Re1 Qc7 21. a5 Ng4 22. Ra2 Nxe5 23. fxe5 Rf8 24. Rf1 f6 25. Bh7+ Kh8 26. Raf2 g5 27. Bc2 Re6 28. Bf5 fxe5 29. Bxe6 Rxf2 30. Rxf2 Bxe6 31. Qg6 1-0

[Event "ROM-chT div-A"]
[Site "Predeal"]
[Date "2006.11.07"]
[Round "4"]
[White "Jianu, Vlad Cristian"]
[Black "Raceanu, Valentin"]
[Result "1/2-1/2"]
[WhiteElo "2502"]
[BlackElo "2398"]
[PlyCount "42"]
[EventDate "2006.11.04"]
[EventType "team"]
[EventRounds "9"]
[EventCountry "ROU"]
[SourceTitle "EXT 2007"]
[Source "ChessBase"]
[SourceDate "2006.11.23"]
[SourceVersion "1"]
[SourceVersionDate "2006.11.23"]
[SourceQuality "1"]

1. d4 d5 2. c4 c6 3. Nc3 dxc4 4. e3 b5 5. a4 b4 6. Na2 e6 7. Bxc4 Nf6 8. Nf3 Nbd7 9. 0-0 Be7 10. b3 Bb7 11. Bb2 0-0 12. Qe2 c5 13. Rfd1 Qb6 14. Nc1 a5 15. Nd3 Rac8 16. Nde5 Nxe5 17. Nxe5 Rfd8 18. dxc5 Bxc5 19. Rxd8+ Rxd8 20. Rd1 Rxd1+ 21. Qxd1 Qc7 1/2-1/2

[Event "Predeal op"]
[Site "Predeal"]
[Date "2006.08.14"]
[Round "3"]
[White "Jianu, Vlad Cristian"]
[Black "Raceanu, Valentin"]
[Result "1/2-1/2"]
[WhiteElo "2491"]
[BlackElo "2398"]
[PlyCount "78"]
[EventDate "2006.08.12"]
[EventType "swiss"]
[EventRounds "9"]
[EventCountry "ROU"]
[SourceTitle "CBM 113 Extra"]
[Source "ChessBase"]
[SourceDate "2006.09.14"]
[SourceVersion "1"]
[SourceVersionDate "2006.09.14"]
[SourceQuality "1"]

1. d4 d5 2. c4 c6 3. Nc3 dxc4 4. a4 e5 5. e3 exd4 6. exd4 Be6 7. Nf3 Nf6 8. Be2 Bb4 9. 0-0 0-0 10. Ne5 Nd5 11. Bd2 Bxc3 12. bxc3 b5 13. Qc2 f6 14. Ng4 Nd7 15. Ne3 a6 16. Bf3 N7b6 17. a5 Nc8 18. Be4 h6 19. Bc1 Nce7 20. Ba3 Re8 21. Rfe1 Qd7 22. Bc5 f5 23. Bf3 f4 24. Nxd5 Bxd5 25. Bh5 Bf7 26. Bxf7+ Kxf7 27. Bxe7 Rxe7 28. Rxe7+ Qxe7 29. Qf5+ Kg8 30. Qxf4 c5 31. dxc5 Qxc5 32. Rd1 Rf8 33. Qd4 Qxd4 34. Rxd4 Re8 35. Kf1 Kf7 36. Rf4+ Kg6 37. h4 h5 38. Rd4 Kf5 39. g3 g6 1/2-1/2

[Event "Predeal op"]
[Site "Predeal"]
[Date "2006.08.14"]
[Round "4"]
[White "Raceanu, Valentin"]
[Black "Lupulescu, Constantin"]
[Result "0-1"]
[WhiteElo "2398"]
[BlackElo "2566"]
[PlyCount "60"]
[EventDate "2006.08.12"]
[EventType "swiss"]
[EventRounds "9"]
[EventCountry "ROU"]
[SourceTitle "CBM 113 Extra"]
[Source "ChessBase"]
[SourceDate "2006.09.14"]
[SourceVersion "1"]
[SourceVersionDate "2006.09.14"]
[SourceQuality "1"]

1. d4 Nf6 2. c4 g6 3. f3 d5 4. cxd5 Nxd5 5. e4 Nb6 6. Nc3 Bg7 7. Be3 0-0 8. Qd2 Nc6 9. 0-0-0 f5 10. h4 fxe4 11. h5 gxh5 12. Bh6 Bxh6 13. Qxh6 Qd6 14. Qxh5 Bf5 15. Nxe4 Qb4 16. a3 Qb3 17. Qg5+ Kh8 18. d5 Na4 19. Qd2 Rad8 20. Qc2 Qxc2+ 21. Kxc2 Ne5 22. Rh5 Ng4 23. fxg4 Bxe4+ 24. Kb3 Nb6 25. Bd3 Bxd5+ 26. Kc2 Rf2+ 27. Kc1 Bb3 28. Nh3 Rxg2 29. Nf4 Bxd1 30. Bxh7 Bxg4 0-1